| 000 -LEADER |
| fixed length control field |
00916pab a2200169 454500 |
| 008 - FIXED-LENGTH DATA ELEMENTS--GENERAL INFORMATION |
| fixed length control field |
180718b2007 xxu||||| |||| 00| 0 eng d |
| 100 ## - MAIN ENTRY--PERSONAL NAME |
| Personal name |
Srivastava, Ravi |
| 245 ## - TITLE STATEMENT |
| Title |
Meeting social goals or neoliberal reform? |
| 260 ## - PUBLICATION, DISTRIBUTION, ETC. |
| Date of publication, distribution, etc. |
2007 |
| 300 ## - PHYSICAL DESCRIPTION |
| Extent |
p.812-15. |
| 362 ## - DATES OF PUBLICATION AND/OR SEQUENTIAL DESIGNATION |
| Dates of publication and/or sequential designation |
10 Mar |
| 520 ## - SUMMARY, ETC. |
| Summary, etc. |
The National Knowledge Commission has made a number of important general recommendations for higher education, but there has been little working out of detail and the database on some important dimensions is questionable. The main conclusions are based on an analysis of the public education system with very little focus on the growing private sector. It is doubtful whether the NKC recommendations constitute a step forward in meeting the national goals in higher education at this juncture. - Reproduced. |
| 650 ## - SUBJECT ADDED ENTRY--TOPICAL TERM |
| Topical term or geographic name entry element |
Knowledge Commission |
| 773 ## - HOST ITEM ENTRY |
| Main entry heading |
Economic and Political Weekly |
| 908 ## - PUT COMMAND PARAMETER (RLIN) |
| Put command parameter |
N |
| 909 ## - |
| -- |
73401 |